000 00422nam a2200181Ia 4500
001 9215
005 20260306160707.0
008 260306t2005||||xx |||||||||||||| ||spa||
041 _aESP
082 _a375.00973
_bP79 2005
100 _aPosner, George J.
_eAUT
245 0 _aAnálisis del currículo
260 _c2005
300 _a345 páginas :
_ccm.
650 _aGEN
654 _aCED
942 _cLIB
_dJUS
_fJUS
_2ddc
_n
999 _c9215
_d9215